Country Unscramble from its Alphabetical Order Spelling - 7 Letters - Statistics

General Stats
  • This quiz has been taken 9 times
  • The average score is 40 of 42
Answer Stats
Scrambled Name Real Name % Correct
AAABILN Albania
100%
AAEGILR Algeria
100%
AADNORR Andorra
100%
AAABHMS Bahamas
100%
BEGILMU Belgium
100%
ABIILOV Bolivia
100%
CMOOORS Comoros
100%
ADEKMNR Denmark
100%
AEEIRRT Eritrea
100%
ADFILNN Finland
100%
AEGGIOR Georgia
100%
AEGMNRY Germany
100%
AADEGNR Grenada
100%
AGHNRUY Hungary
100%
ACDEILN Iceland
100%
ADEILNR Ireland
100%
AAACIJM Jamaica
100%
EHLOOST Lesotho
100%
ABEIILR Liberia
100%
ADLMOOV Moldova
100%
CCMOOOR Morocco
100%
AABIIMN Namibia
100%
AAIMNOR Romania
100%
AAILMOS Somalia
100%
AIINSTU Tunisia
100%
AGRUUUY Uruguay
100%
AANTUUV Vanuatu
100%
AEIMNTV Vietnam
100%
AABHINR Bahrain
88%
ABELRSU Belarus
88%
BDINRUU Burundi
88%
AACIROT Croatia
88%
ACCEHIZ Czechia
88%
AEINOST Estonia
88%
ABELNNO Lebanon
88%
AAMMNRY Myanmar
88%
AEIIGNR Nigeria
88%
AEEGLNS Senegal
88%
AEIKNRU Ukraine
88%
AAEIMNR Armenia
75%
AAIRSTU Austria
75%
ACDEORU Ecuador
75%
No matching quizzes found
Score Distribution
Percent of People with Each Score
Percentile by Number Answered
Your Score History
You have not taken this quiz